Trabajadores independientes con colaboradores independientes

Guardado en:
Detalles Bibliográficos
Autor principal: Lodi-Fe, María Delia
Formato: Desconocido
Aporte de:Registro referencial: Solicitar el recurso aquí
LEADER 00344 a2200109 4500
001 ART_62333
005 20260410161749.0
008 260409a
245 1 0 |a Trabajadores independientes con colaboradores independientes 
100 1 |a Lodi-Fe, María Delia 
773 0 |t Doctrina laboral  |g - Nº 468 (feb./mar. 2025)  |w REV4049 
999 |c 19535  |d 19535